000 00649nam a22002417a 4500
003 OSt
005 20260601193904.0
008 260508b |||||||| |||| 00| 0 eng d
020 _a9783735603425
040 _aICI
_bspa
_cICI
_erda
041 _aager
050 _aTT145
_bH36 2017
245 _aHandwerk wird modern.
264 _aBielefeld ;
_c2017.
264 _aBerlin :
_bKerber Verlag,
_c2017.
300 _bilustraciones
_c22 cm.
336 _2rdacontent
_atexto
337 _2rdamedia
_asin medio
338 _2rdacarrier
_avolumen
500 _aTexto en alemán.
650 _aHandicraft
_xHistory
_zGermany.
_934249
942 _2lcc
_n1
_cB
999 _c22332
_d22332